00938 2200193 4500001002100000005001500021035002000036245007300056100001600129250001700145300002800162260003900190082001000229084001600239020002200255650001700277520043200294500001800726INLIS00000000000007120240425041122 a0010-04240000151 aAkhlak Kepada Orangtua :bThe Righteousness to Parent /cAli Muakhir0 aAli Muakhir acetakan ke-1 a32 hlm :bilus ;c18 cm aJakarta :bBumi Aksara Kids,c2009 a297.5 a297.5 ALI a a978-979-010-499-0 4aReligi Islam aDalam hidup, kalian harus saling menghormati dan menghargai. Semua itu ada tata caranya, yang diambil dari Quran dan hadis. Tata cara itulah yang disebut dengan akhlak atau etika. Kalian harus mengetahui bagaimana berakhlak pada Allah, Rasulullah, guru, orangtua, orang lain, dan pada diri sendiri. Dalam buku ini, akan dijelaskan bagaimana beretika kepada orang tua, dengan uraian yang jelas dan mudah dipahami oleh kalian. aSeri Muamalah